000 00727nam a2200229Ia 4500
003 OSt
005 20220923225732.0
006 a|||||r|||| 00| 0
007 ta
008 Pun
024 _a274,291
037 _cTextual
040 _aARTS
_cARTS
_bPun
041 _2Pun
_aPun
082 _aO153,6M89x, H1
100 _aਨਹਿਰੂ, ਜਵਾਹਰ ਲਾਲ; ਸਿੰਘ, ਮੋਹਨ, ੳਗ.
_9168802
245 0 _aਪਿਤਾ ਵਲੋ੍ਵ ਧੀ ਨੂੰ ਚਿਠੀਆਂ
260 _c1941
650 _aਪੰਜਾਬੀ ਸਾਹਿਤ
942 _hO153,6M89x, H1
_cTEXL
_2CC
999 _c380055
_d380055